[Event "Sherbrooke Perpetuelles 13-26a"]
[Site "Sherbrooke"]
[Date "2005.01.28"]
[Round "3"]
[White "Viens, Nicolas"]
[Black "Ben Ali, Amine"]
[Result "0-1"]
[WhiteElo "1307"]
[BlackElo "1122"]
[PlyCount "108"]
[EventDate "2005.01.??"]
[EventType "swiss"]
[EventRounds "5"]
[EventCountry "CAN"]
[SourceTitle "EXT 2006"]
[Source "ChessBase"]
[SourceDate "2005.11.24"]
[SourceVersion "1"]
[SourceVersionDate "2005.11.24"]
[SourceQuality "1"]

1. d4 d5 2. c4 e6 3. e3 Nf6 4. Nc3 Bb4 5. a3 Bxc3+ 6. bxc3 b6 7. Nf3 Ba6 8. Ne5 0-0 9. Bd3 Nfd7 10. Nxd7 Nxd7 11. cxd5 Bxd3 12. Qxd3 exd5 13. 0-0 Nf6 14. f3 Qe7 15. a4 Qe6 16. Re1 Rfe8 17. Ra2 Nd7 18. Rae2 Qc6 19. Qc2 Nf6 20. e4 dxe4 21. fxe4 Qc4 22. e5 Nd5 23. Bd2 Re6 24. Re4 c5 25. h3 g6 26. Kh2 a5 27. dxc5 Qxc5 28. Rd4 Ne7 29. Qd3 Nf5 30. Rde4 Rae8 31. Bf4 Qc6 32. g4 Ng7 33. Rd4 Rc8 34. Re3 Qc5 35. Rd8+ Re8 36. Rxe8+ Rxe8 37. Qd6 Ne6 38. Bh6 Rd8 39. Qxc5 Nxc5 40. Bg5 Re8 41. Bf6 Nxa4 42. Rd3 Rc8 43. Kg3 Nxc3 44. Kf3 Nb5 45. Rd7 Nc3 46. e6 fxe6 47. Rg7+ Kf8 48. Rxh7 Ke8 49. Kf4 Nd5+ 50. Ke5 Nxf6 51. Kxf6 Rc6 52. Re7+ Kf8 53. Rf7+ Ke8 54. Re7+ Kd8 0-1